75 readings : (Record no. 19951)

MARC details
000 -LEADER
fixed length control field 01324cam a2200337 a 4500
001 - CONTROL NUMBER
control field 13085010
003 - CONTROL NUMBER IDENTIFIER
control field OSt
005 - DATE AND TIME OF LATEST TRANSACTION
control field 20211124143719.0
008 - FIXED-LENGTH DATA ELEMENTS--GENERAL INFORMATION
fixed length control field 030206s2004 nyu 001 0 eng
010 ## - LIBRARY OF CONGRESS CONTROL NUMBER
LC control number 2003043029
020 ## - INTERNATIONAL STANDARD BOOK NUMBER
International Standard Book Number 0072465425 (acidfree paper)
040 ## - CATALOGING SOURCE
Original cataloging agency DLC
Transcribing agency hu
Modifying agency DLC
050 00 - LIBRARY OF CONGRESS CALL NUMBER
Classification number PE1417
Item number .A13 2004
082 00 - DEWEY DECIMAL CLASSIFICATION NUMBER
Classification number 808/.0427
Edition number 21
245 00 - TITLE STATEMENT
Title 75 readings :
Remainder of title an anthology /
Statement of responsibility, etc. [edited by] Santi Buscemi, Charlotte Smith.
246 3# - VARYING FORM OF TITLE
Title proper/short title Seventy-five readings
250 ## - EDITION STATEMENT
Edition statement 9th ed.
260 ## - PUBLICATION, DISTRIBUTION, ETC.
Place of publication, distribution, etc. New York :
Name of publisher, distributor, etc. McGraw-Hill,
Date of publication, distribution, etc. c2004.
300 ## - PHYSICAL DESCRIPTION
Extent xxxi, 428 p. ;
Dimensions 21 cm.
500 ## - GENERAL NOTE
General note Includes index.
650 #0 - SUBJECT ADDED ENTRY--TOPICAL TERM
Topical term or geographic name entry element College readers.
9 (RLIN) 5705
650 #0 - SUBJECT ADDED ENTRY--TOPICAL TERM
Topical term or geographic name entry element English language
General subdivision Rhetoric
Form subdivision Problems, exercises, etc.
9 (RLIN) 5706
700 1# - ADDED ENTRY--PERSONAL NAME
Personal name Buscemi, Santi V.
9 (RLIN) 5707
700 1# - ADDED ENTRY--PERSONAL NAME
Personal name Smith, Charlotte,
Dates associated with a name 1957-
9 (RLIN) 5708
856 42 - ELECTRONIC LOCATION AND ACCESS
Materials specified Publisher description
Uniform Resource Identifier <a href="http://www.loc.gov/catdir/description/mh031/2003043029.html">http://www.loc.gov/catdir/description/mh031/2003043029.html</a>
856 41 - ELECTRONIC LOCATION AND ACCESS
Materials specified Table of contents
Uniform Resource Identifier <a href="http://www.loc.gov/catdir/toc/mh031/2003043029.html">http://www.loc.gov/catdir/toc/mh031/2003043029.html</a>
856 42 - ELECTRONIC LOCATION AND ACCESS
Materials specified Contributor biographical information
Uniform Resource Identifier <a href="http://www.loc.gov/catdir/enhancements/fy0737/2003043029-b.html">http://www.loc.gov/catdir/enhancements/fy0737/2003043029-b.html</a>
906 ## - LOCAL DATA ELEMENT F, LDF (RLIN)
a 7
b cbc
c orignew
d 1
e ocip
f 20
g y-gencatlg
942 ## - ADDED ENTRY ELEMENTS (KOHA)
Source of classification or shelving scheme Dewey Decimal Classification
Koha item type Books like text book referance book
Suppress in OPAC No
Holdings
Withdrawn status Lost status Source of classification or shelving scheme Damaged status Not for loan Home library Current library Shelving location Date acquired Total Checkouts Full call number Barcode Date last seen Copy number Price effective from Koha item type
    Dewey Decimal Classification     Social Library Social Library Fiction 11/24/2021   808,0427/sev SHLIB 00012038 11/24/2021 c1 11/24/2021 Books like text book referance book